000 00931na a2200301 4500
001 17774
003 MIRAKIL
005 20181213154843.0
008 161104b tu 000 0
020 _a9751926408
040 _aMilas
_btur
_cTR-AnCHP
041 _atur
082 _a338.9306
_bA54 2001
090 _a338.93066 A54 2001
245 _aAile özel ihtisas komisyonu raporu
_cDevlet Planlama Teşkilatı
246 _aAile
260 _aAnkara
_bDPT
_c2001
300 _a66 s.
_c27 sm.
440 _aDPT
_v2562
490 _aÖİK
_v578
500 _aSekizinci beş yıllık kalkınma planı özel ihtisas komisyonu raporu
610 _aDevlet Planlama Teşkilatı (DPT)
650 _aAile
_xKalkınma planı, 2001
_yRaporlar
651 _aTürkiye
_xBeş yıllık kalkınma planları
710 _aDevlet Planlama Teşkilatı (DPT)
830 _aDevlet Planlama Teşkilatı Yayınları
942 _2ddc
_cBKS
999 _c2044
_d2044